000 00814nam a2200229 a 4500
001 000023470
005 20200930022236.0
008 880701s1971 mx b 000 1 spa d
040 _aDO-SdBNP
_bspa
_cBNPHU
041 1 7 _aspa
_heng
_2Código de idiomas MARC
082 _ann*
_bnn*
100 1 _aWindsor, Philip.
_948361
240 1 0 _aCzechoslovakia 1968.
_lEspañol
245 1 0 _aChecoslovaquia 1968 :
_breforma, represión y resistencia /
_cPhilip Windsor y Adam Roberts ; prefacio Alastair Buchan ; traducción Rafael Quijano.
260 _aMéxico, D. F. :
_bDiana,
_c1971.
300 _a[237] p. ;
_c21 cm.
534 _aTítulo original :
_tCzechoslovakia 1968.
700 1 _aRoberts, Adam.
_948362
700 1 _aQuijano, Rafael,
_etr.
_940577
700 1 _aBuchan, Alastair,
_epról.
_948363
049 _aBNGR
999 _c22966
_d22966